000 02303nam a2200301Ia 4500
999 _c51492
_d51492
001 18478
003 GE_BSU
005 20250304175217.0
008 181216s2016||||ge |||||||||||||| ||geo||
020 _a9789941242168
040 _cGE_BSU
041 _ageo
080 _a27-36 წ-71
245 _aწმინდა მოწამე იოანე მხედარი ; წმინდა მოწამე იოანე ახალი, ქოზიბელი ; წმინდა გიორგი ქარსლადისი ; წმინდა აღმსარებელი იოანე რუსი /
_bშემდგენელი მანანა ტუაევა ; გარეკანის დიზაინი რატი თორდია.
264 _aთბილისი :
_bპალიტრა L,
_c2016.
300 _a197გვ. ;
_c20 სმ.
490 _aსაქართველოს იმედი II : ყველა წმინდანი, რომელთა შესახებაც უნდა იცოდე, 2298-0547 / პროექტის რედაქტორი თამარ მამაცაშვილი ;
_vწ. 43
500 _a იბეჭდება სრულიად საქართველოს კათოლიკოს-პატრიარქის, უწმინდესისა და უნეტარესის ილია II-ის ლოცვა-კურთხევით
653 _aრელიგია
653 _aწმინდა მოწამე იოანე მხედარი
653 _aწმინდა მოწამე იოანე ახალი, ქოზიბელი
653 _a წმინდა გიორგი ქარსლადისი
653 _a წმინდა აღმსარებელი იოანე რუსი
700 _aტუაევა, მანანა
_eშემდგენელი
_924454
700 _aმამაცაშვილი, თამარ
_eპროექტის რედაქტორი
_924455
700 _aთორდია, რატი
_eგარეკანის დიზაინერი
_917902
942 _cBK
_2udc